000 00444nam a2200181Ia 4500
008 210210b1985 xxu||||| |||| 00| 0 eng d
082 _a621.381 BELS
100 _aBEL SEMICONDUCTORS
245 _aBEL SEMICONDUCTORS data manual.
260 _aBangalore
_bBharat Electronics Ltd,
_c1985
300 _a12,2
650 _aSEMICONDUCTORS
650 _amanual.
650 _adata
650 _aBEL
690 _aElectronics
906 _a037273
999 _c87827
_d87827